Comparison of the monetary policy of the Visegrad Four countries in terms of its impact on the economic cycle

Vplyv nástrojov menovej politiky na správanie v sektore domácností a podnikov, ktoré rozhodujúcim spôsobom určujú zmeny v agregátnom dopyte, so zameraním sa na hodnotenie vplyvu menovej politiky, na cenovú úroveň a hospodársky rast v krajinách V4.

Gespeichert in:
Bibliographische Detailangaben
1. Verfasser: Piovarčiová, Veronika, 1951-
Format: Buchkapitel
Sprache:Englisch
Schlagworte:
Tags: Tag hinzufügen
Keine Tags, Fügen Sie das erste Tag hinzu!

MARC

LEADER 00000naa$a2200000$$$4500
001 0231167
005 20240712104806.3
041 0 |a eng 
044 |a TH 
245 1 0 |a Comparison of the monetary policy of the Visegrad Four countries in terms of its impact on the economic cycle  |c Veronika Piovarčiová 
520 |a Vplyv nástrojov menovej politiky na správanie v sektore domácností a podnikov, ktoré rozhodujúcim spôsobom určujú zmeny v agregátnom dopyte, so zameraním sa na hodnotenie vplyvu menovej politiky, na cenovú úroveň a hospodársky rast v krajinách V4. 
610 2 0 |a vývoj hospodársky 
610 2 0 |a cykly hospodárske 
610 2 0 |a politika menová 
610 2 0 |a rast hospodársky 
610 2 0 |a kríza hospodárska 
610 2 0 |a Vyšehradská štvorka 
610 2 0 |a Slovensko 
610 2 0 |a Česko 
610 2 0 |a Poľsko 
610 2 0 |a Maďarsko 
100 1 |a Piovarčiová, Veronika, 1951-